UFO songs from the 1970s - Statistics

General Stats
  • This quiz has been taken 34 times
  • The average score is 25 of 62
Answer Stats
Answer % Correct
Doctor Doctor
100%
Lights Out
92%
Rock Bottom
92%
Only You Can Rock Me
88%
Love to Love
84%
Cherry
76%
Mother Mary
76%
Natural Thing
76%
Too Hot to Handle
76%
Belladonna
68%
Electric Phase
68%
Let It Roll
68%
Alone Again Or
64%
I'm a Loser
64%
Shoot Shoot
60%
This Kid's (Between the Walls)
60%
Try Me
60%
Queen of the Deep
56%
Can You Roll Her
52%
Just Another Suicide
52%
Lookin' Out for No. 1
52%
Lookin' Out for No. 1 (reprise)
52%
Martian Landscape
52%
Pack It Up (And Go)
52%
Unidentified Flying Object
52%
Arbory Hill
48%
Boogie for George
44%
Lipstick Traces
44%
Born to Lose
40%
Gettin' Ready
40%
Hot 'n' Ready
40%
Out in the Street
40%
Oh My
36%
Prince Kajuku
36%
Too Young to Know
36%
Flying
32%
One More for the Rodeo
32%
The Coming of Prince Kajuku
32%
Built for Comfort
28%
On With the Action
28%
Space Child
24%
Star Storm
24%
Treacle People
24%
C'mon Everybody
20%
Crystal Light
20%
High Flyer
20%
Ain't No Baby
16%
Love Lost Love
16%
Silver Bird
16%
Time on My Hands
16%
Highway Lady
12%
Timothy
12%
A Fool in Love
8%
(Come Away) Melinda
8%
Follow You Home
8%
Reasons Love
8%
Shake It About
8%
Too Much of Nothing
8%
Dance Your Life Away
4%
Evil
4%
Who Do You Love
4%
You Don't Fool Me
4%
No matching quizzes found
Score Distribution
Percent of People with Each Score
Percentile by Number Answered
Your Score History
You have not taken this quiz